000 01118nam2a22002891 4500
001 v19\rc\1740990
005 20250619055820.0
035 _a(NLR Aleph) 004848338
090 _a4894843
_c4894843
100 _a20061204d1902 |||y0rusy50 ca
101 0 _arus
102 _aRU
105 _ay z |||||
200 1 _a1. Тарас Бульба
_a2. Жизнь
215 _a[2], 133 с.
225 1 _a...
_v4
461 0 _1001v19\rc\1740987
_12001#$a... Сочинения Н.В. Гоголя$vСб. 3
_1700#1$aГоголь$bН.В.$f1809-1852$gНиколай Васильевич$3RU\NLR\AUTH\773480$7ca
_95775813
_aГоголь, Н. В. (1809-1852)
_cМосква
_d1902
_eШкол. изд. под ред. Д.И. Тихомирова. Сб. 1-3
_nБ-ка "Дет. чтения"
_p3 т.
_tСочинения Н.В. Гоголя
_vСб. 3
517 0 _aТарас Бульба
517 0 _aЖизнь
801 0 _aRU
_bNLR
_gpsbo
801 0 _aRU
_bRuMoRGB
_2psbo
801 1 _aRU
_bProSoft-M
_2rusmarc
852 _aNLR
_j34.52.5.214
899 _aRuMoRGB
_jF 90/94
899 _aRuMoRGB
_jF 90/153
942 _cBOOK
980 _aNB